000 01021cam a22002897a 4500
003 CHAP
005 20220329142247.0
008 000406d1990 us r 00010 eng d
010 _a80712
011 _a81684
035 _a92160
040 _cCHAP
082 0 4 _a305.4
_bS2
100 0 0 _aSchuler, Margaret A., ed.
_9103209
245 1 0 _aWomen, law and development-action for change
_c/ed. by Margaret A. Schuler
260 _aWashington, DC :
_bOEF International,
_c1990
300 _a116 p. :
_bcuadros
490 0 _aSeries on women, law, and development : issues and strategies for change ;
_nNumber 2
590 _aBATCH-UPD
_b10
_c20130110
_lUCH01
_h0410
590 _aCONVERSION
_b10
_c20130109
_lUCH01
_h1345
650 1 4 _aMujer
_xDerechos.
_979319
830 0 0 _aSeries on women, law, and development : issues and strategies for change ;
_nNumber 2
_9105149
901 _aBK
905 _aMarco A. Mendoza T.
942 _cLIBRO
949 _a305.4 S2
_bBC
_cLIBRO
_d33724000774501
_eLIBRO
_h96717
_i92160
_kDonaciØn
_si
999 _c80712
_d80712